| 000 | 00586nam a22002057a 4500 | ||
|---|---|---|---|
| 003 | OSt | ||
| 005 | 20260601171013.0 | ||
| 008 | 260505b1990\\\\ja\a||||\||||\00|\0\eng\d | ||
| 020 | _a4568501105 | ||
| 040 |
_aICI _bspa _cICI |
||
| 041 | _aeng | ||
| 050 |
_aNA9053.C34 _bM85 |
||
| 100 | 0 |
_aMukoda, Naoki, _eautor _933507 |
|
| 245 | 1 |
_aStreet furniture / _cNaoki mukoda |
|
| 264 | 1 |
_aTokio : _bBijutsu Shuppan-Sha, _c1990 |
|
| 300 |
_a143 páginas : _bilustraciones |
||
| 650 |
_aAlumbrado público _vCatalogos _933508 |
||
| 650 |
_aCalles _vCatalogos _xAccesorios _933509 |
||
| 942 |
_2lcc _cB _n1 |
||
| 999 |
_c20597 _d20597 |
||